000 00412nam a2200145Ia 4500
005 20250424120232.0
008 250424s9999 xx 000 0 und d
022 _a26453169
050 _aHC 1055.A1 .D88/
245 0 _aDutse International Journal of Social and Economic Research
260 _c2020
300 _aix, 180 p. :ill. ; 29 cm.
650 _aNigeria--Economic conditions--Periodicals.
942 _cSR
999 _c38159
_d38159